000 00812nam a2200253Ia 4500
003 OSt
005 20220925181128.0
006 a|||||r|||| 00| 0
007 ta
008 220923b |||||||| |||| 00| 0 eng d
037 _cGeneral Book
040 _aRTL
_cRTL
_beng
041 _2eng
_aeng
082 _aX:9M.242.N7s, L4
110 _aHaryana Government of... Economic and Statistical Organisation
_9252890
245 0 _aCensus of Haryana Government employees 1972
260 _aChandigarh
_bGovt Press India
_c1974
300 _a29p.
_ccm.
490 _aIts publication.141
650 _aPersonnalManagement
_9232642
700 _aHaryana Government of... Economic and Statistical Organisation
_9252891
942 _hX:9M.242.N7s, L4
_cGB
_2CC
999 _c498425
_d498425